عرض عادي عرض مارك
  • الصواف، محفوظ حمدون

مدخل إسم شخص

عدد التسجيلات المستخدمة في: 2

001 - رقم الضبط

  • حقل الضبط: 89715

003 - معرف رقم الضبط

  • حقل الضبط: OSt

005 - تاريخ ووقت أخر عملية

  • حقل الضبط: 20220602100107.0

008 - عناصر بيانات ثابتة الطول

  • حقل تحكم ثابت الطول: 220602|| aca||aabn | a|a d

040 ## - مصدر الفهرسة

  • هيئة الفهرسة الأصلية: OSt
  • وكالة الكتابة: OSt

100 ## - مدخل -- أسم شخص

  • إسم شخص: الصواف، محفوظ حمدون

670 ## - بيانات المصدر موجوده

  • الاستشهاد بالمصدر: Work cat.: (OSt): الصواف، محفوظ حمدون, التكامل بين العمليات والتسويق :, 2016